|
|
|
|
| LEADER |
00000nab a2200000 a 4500 |
| 001 |
vtls000233156 |
| 003 |
SK-MaSNL |
| 005 |
20260302212638.0 |
| 008 |
111202c1985 xo 0 slo |
| 015 |
|
|
|a SNBRA19rr/mm-uuuuu
|
| 035 |
|
|
|a CL0243270
|
| 040 |
|
|
|a SNKBUCL
|b slo
|c SNKBUCL
|e AACR2
|
| 041 |
0 |
|
|a slo
|
| 044 |
|
|
|a xo
|c SK
|
| 080 |
|
|
|a 331.11/.14
|2 1981
|
| 080 |
|
|
|a 658.3
|2 1981
|
| 080 |
|
|
|a 349.2
|2 1981
|
| 100 |
1 |
|
|a Čóri, František
|4 aut
|9 898088
|
| 245 |
1 |
0 |
|a Vznik, zmena a skončenie pracovného a učebného pomeru
|c František Čóri
|
| 300 |
|
|
|b Lit. 4 zázn. v slov., češ.
|
| 650 |
0 |
7 |
|a pracovný pomer
|2 snkbucl
|9 202861
|
| 650 |
0 |
7 |
|a pomer učebný
|2 snkbucl
|9 937573
|
| 655 |
|
7 |
|a články zo zborníkov
|2 snkbucl
|9 166140
|
| 773 |
0 |
|
|t Pracovné právo v práci kádrových a personálnych útvarov a útvarov ochrany a bezpečnosti práce
|d Banská Bystrica : Dom techniky ČSVTS, 1985
|
| 850 |
|
|
|a Slovenská národná knižnica v Martine
|a MTA001
|
| 852 |
|
|
|a SNK
|b KIS3GCP
|
| 958 |
|
|
|a RK
|
| 992 |
|
|
|a RZB
|
| 999 |
|
|
|c 1490113
|d 1492043
|